Con nhà giàu : Truyện tranh Tập 34
Makino Tsukushi là con nhà nghèo nhưng lại vào học ở Học viện Eitoku - ngôi trường dành cho con nhà giàu. Một lần, cô đụng độ với Doumyouji Tsukasa - thủ lĩnh của nhóm F4 gồm 4 tên con trai nhà giàu nhất trường, thế lực nhất trường, được hâm mo...
محفوظ في:
| المؤلف الرئيسي: | |
|---|---|
| مؤلفون آخرون: | |
| التنسيق: | كتاب |
| اللغة: | Vietnamese |
| منشور في: |
Tp. Hồ Chí Minh
Trẻ
2003
|
| الموضوعات: | |
| الوسوم: |
إضافة وسم
لا توجد وسوم, كن أول من يضع وسما على هذه التسجيلة!
|
| Thư viện lưu trữ: | Thư viện Trường Đại học Nam Cần Thơ |
|---|
| LEADER | 01535nam a22002057a 4500 | ||
|---|---|---|---|
| 001 | NCT_4_004130 | ||
| 008 | 240226b xxu||||| |||| 00| 0 vie d | ||
| 999 | |c 8085 |d 8085 | ||
| 020 | |c 5000 | ||
| 082 | 0 | 4 | |2 23rd ed. |a 895.63 |b Y54/T.34 |
| 100 | 1 | |a Yoko, Kamio | |
| 245 | 1 | 0 | |a Con nhà giàu : |b Truyện tranh |n Tập 34 |c Yoko Kamio; Tuyết Nhung (Dịch) |
| 260 | |a Tp. Hồ Chí Minh |b Trẻ |c 2003 | ||
| 300 | |a 168 tr. |b Tranh vẽ |c 18 cm | ||
| 520 | 3 | |a Makino Tsukushi là con nhà nghèo nhưng lại vào học ở Học viện Eitoku - ngôi trường dành cho con nhà giàu. Một lần, cô đụng độ với Doumyouji Tsukasa - thủ lĩnh của nhóm F4 gồm 4 tên con trai nhà giàu nhất trường, thế lực nhất trường, được hâm mộ nhất trường và đứng đầu cả trường. Thế là tủ đồ của Tsukushi bị dán thẻ đỏ của F4 đồng nghĩa với việc bị cả trường tẩy chay, xa lánh. Thế nhưng cô đã dũng cảm thách thức lại F4 và kể từ đó câu chuyện lãng mạn, kịch tính và đầy cuốn hút bắt đầu... | |
| 653 | |a Tham khảo | ||
| 700 | |a Tuyết Nhung |e Dịch | ||
| 942 | |2 ddc |c BK | ||
| 952 | |0 0 |1 0 |2 ddc |4 0 |6 895_630000000000000_Y54_T_34 |7 0 |9 28536 |a 000001 |b 000001 |d 2024-02-26 |o 895.63 Y54/T.34 |p TK.03870 |r 2024-02-26 |v 5000.00 |w 2024-02-26 |y BK | ||
| 980 | |a Thư viện Trường Đại học Nam Cần Thơ | ||